Невменяемый колдун: роман

Podrobná bibliografie
Hlavní autor: Иванович Ю. Юрий
Shrnutí:Сказочные земли, заселенные таинственными сентегами. Неприступные Альтурские горы, охраняемые агрессивными драконами. Ледяные и огнедышащие ущелья, скрывающие в своих глубинах злобствующих колабов. Райские Сорфитовые долины, в которых поддерживают справедливость две уникальные расы — сорфиты и таги. И грандиозное по величине королевство Энормия. Все это мир, в котором главный герой Эль-Митолан Кремон готовится пройти все дороги, стать лучшим из лучших и объединить то, что в начале повествования находится на различных полюсах разумного существования. А ведь еще и в небе находится масса загадок. Две огромные луны Марга и Сапфир постоянно окрашивают родную планету по ночам желтым и синим цветом, сплетаясь своим сиянием в тройные полосы таинственной колдовской радуги.
Jazyk:ruština
Vydáno: Москва, Армада, 2007
Edice:Фантастический боевик
Témata:
Médium: Kniha
KOHA link:https://koha.lib.tpu.ru/cgi-bin/koha/opac-detail.pl?biblionumber=113483

MARC

LEADER 00000nam0a2200000 4500
001 113483
005 20231031121827.0
010 |a 593556825X 
035 |a (RuTPU)RU\TPU\book\122738 
090 |a 113483 
100 |a 20070411d2007 m y0rusy50 ca 
101 0 |a rus 
102 |a RU 
105 |a y z 000ay 
200 1 |a Невменяемый колдун  |e роман  |f Ю. Иванович 
210 |a Москва  |c Армада  |d 2007 
215 |a 613 с. 
225 1 |a Фантастический боевик 
330 |a Сказочные земли, заселенные таинственными сентегами. Неприступные Альтурские горы, охраняемые агрессивными драконами. Ледяные и огнедышащие ущелья, скрывающие в своих глубинах злобствующих колабов. Райские Сорфитовые долины, в которых поддерживают справедливость две уникальные расы — сорфиты и таги. И грандиозное по величине королевство Энормия. Все это мир, в котором главный герой Эль-Митолан Кремон готовится пройти все дороги, стать лучшим из лучших и объединить то, что в начале повествования находится на различных полюсах разумного существования. А ведь еще и в небе находится масса загадок. Две огромные луны Марга и Сапфир постоянно окрашивают родную планету по ночам желтым и синим цветом, сплетаясь своим сиянием в тройные полосы таинственной колдовской радуги. 
610 1 |a русская литература 
610 1 |a романы 
610 1 |a фантастика 
610 1 |a боевики 
675 |a Р2  |v 3 
700 1 |a Иванович  |b Ю.  |g Юрий 
801 1 |a RU  |b 63413507  |c 20070411  |g PSBO 
801 2 |a RU  |b 63413507  |c 20070424  |g PSBO 
942 |c BK